|
|
|
|
| LEADER |
02127nam a2200457 i 4500 |
| 001 |
EBC2058240 |
| 003 |
MiAaPQ |
| 005 |
20200909225244.0 |
| 006 |
m o d | |
| 007 |
cr cnu|||||||| |
| 008 |
150615t20152015enk ob 000 0 eng d |
| 020 |
|
|
|z 9781784419929
|
| 020 |
|
|
|a 9781784419936
|q (electronic bk.)
|
| 035 |
|
|
|a (MiAaPQ)EBC2058240
|
| 035 |
|
|
|a (Au-PeEL)EBL2058240
|
| 035 |
|
|
|a (CaPaEBR)ebr11059907
|
| 035 |
|
|
|a (OCoLC)910448165
|
| 040 |
|
|
|a MiAaPQ
|b eng
|e rda
|e pn
|c MiAaPQ
|d MiAaPQ
|
| 050 |
|
4 |
|a JZ1317.5.C
|b .C758 2015
|
| 082 |
0 |
|
|a 327
|2 23
|
| 245 |
0 |
0 |
|a Critical perspectives on the globally mobile professional and managerial class /
|c guest editors, Dr Steve McKenna, Professor M. N. Ravishankar and Professor David Weir.
|
| 264 |
|
1 |
|a [Bradford, West Yorkshire, England] :
|b Emerald,
|c [2015]
|
| 264 |
|
4 |
|c 2015
|
| 300 |
|
|
|a 1 online resource (93 pages).
|
| 336 |
|
|
|a text
|2 rdacontent
|
| 337 |
|
|
|a computer
|2 rdamedia
|
| 338 |
|
|
|a online resource
|2 rdacarrier
|
| 490 |
0 |
|
|a Critical perspectives on international business,
|x 1742-2043 ;
|v Volume 11 Number 2
|
| 504 |
|
|
|a Includes bibliographical references.
|
| 588 |
|
|
|a Description based on online resource; title from PDF cover (ebrary, viewed June 15, 2015).
|
| 590 |
|
|
|a Electronic reproduction. Ann Arbor, MI : ProQuest, 2016. Available via World Wide Web. Access may be limited to ProQuest affiliated libraries.
|
| 650 |
|
0 |
|a Globalization
|v Periodicals.
|
| 650 |
|
0 |
|a Globalization.
|
| 650 |
|
0 |
|a International business enterprises
|x Social aspects
|v Periodicals.
|
| 655 |
|
4 |
|a Electronic books.
|
| 700 |
1 |
|
|a McKenna, Steve,
|e editor.
|
| 700 |
1 |
|
|a Ravishankar, M. N.,
|e editor.
|
| 700 |
1 |
|
|a Weir, David,
|e editor.
|
| 776 |
0 |
8 |
|i Print version:
|t Critical perspectives on the globally mobile professional and managerial class.
|d [Bradford, West Yorkshire, England] : Emerald, c2015
|h approximately 93 pages
|k Critical perspectives on international business ; Volume 11 Number 2
|z 9781784419929
|
| 797 |
2 |
|
|a ProQuest (Firm)
|
| 856 |
4 |
0 |
|u https://ebookcentral.proquest.com/lib/matrademy/detail.action?docID=2058240
|z Click to View
|